000 00565nam a2200193Ia 4500
008 151121s9999||||xx |||||||||||||| ||und||
082 _a814/टिळक
082 _bHNW-62351
100 _aटिळक ज। श्री।
245 _aवारसा
260 _b"टिळकबंधू प्रकाशन, पुणे।"
260 _c--
300 _a134
600 _aटिळक ज। श्री।
630 _aवारसा
700 _aटिळक ज। श्री।
730 _aवारसा
942 _cBOOK
999 _c1243890
_d1243887